000 00551nam a2200205Ia 4500
003 OSt
005 20220926043822.0
006 a|||||r|||| 00| 0
007 ta
008 220923b |||||||| |||| 00| 0 eng d
037 _cGeneral Book
040 _aRTL
_cRTL
_beng
041 _2eng
_aeng
082 _aY72-741:1:N3
100 _aMunro Neil Gordon
_9348268
245 0 _aAimu creed and cult. Ed by B Z Seligman
650 _aTribal Sociology
942 _hY72-741:1:N3
_cGB
_2CC
999 _c673278
_d673278